书目信息 |
| 题名: |
对称性原理
|
|
| 作者: | 唐有祺 著 | |
| 分册: | 二 有限对称群的表象及其群论原理 | |
| 出版信息: | 北京 科学出版社 1979 |
|
| 页数: | 284页 | |
| 开本: | 20cm | |
| 丛书名: | ||
| 单 册: | ||
| 中图分类: | O711 | |
| 科图分类: | ||
| 主题词: | 晶体对称--理论 | |
| 电子资源: | ||
| ISBN: | ||
| 000 | 00718nam0 2200229 45 | |
| 001 | 0179000332 | |
| 005 | 20060524172555.25 | |
| 010 | @dCNY1.15 | |
| 091 | @a13031.985 | |
| 100 | @a19950727d1979 em y0chiy0121 ea | |
| 101 | 0 | @achi |
| 102 | @aCN@b110000 | |
| 105 | @ay z 000yy | |
| 200 | 10 | @a对称性原理@Adui chen xing yuan li@h二@i有限对称群的表象及其群论原理@f唐有祺著@Ftang you qi zhu |
| 210 | @a北京@c科学出版社@d1979 | |
| 215 | @a284页@d20cm | |
| 517 | 1 | @a有限对称群的表象及其群论原理@Ayou xian dui chen qun de biao xiang ji qi qun lun yuan li |
| 606 | @a晶体对称@x理论 | |
| 690 | @aO711@v3 | |
| 701 | 0 | @a唐有祺@Atang you qi@4著 |
| 801 | 0 | @aCN@bNLC@c20060524 |
| 905 | @f1@b144494@dO711@e6:2@b147187@f1 | |
| 对称性原理.二.有限对称群的表象及其群论原理/唐有祺著.-北京:科学出版社,1979 |
| 284页;20cm |
| ISBN :CNY1.15 |
| ● |
| 相关链接 |
|
|
|
|
正题名:对称性原理
索取号:O711/6:2
 
预约/预借
| 序号 | 登录号 | 条形码 | 馆藏地/架位号 | 状态 | 备注 |
| 1 | 0144494 | 000627414 | 第三借阅区/ [索取号:O711/6:2] | 在馆 | |
| 2 | 0144495 | 202378104 | 密集书库/ [索取号:O711/6:2] | 在馆 | |
| 3 | 0144496 | 202101135 | 第二样本阅览室/ [索取号:O711/6:2] | 在馆 | |
| 4 | 0147185 | 202228124 | 密集书库/ [索取号:O711/6:2] | 在馆 | |
| 5 | 0147186 | 202259233 | 密集书库/ [索取号:O711/6:2] | 在馆 | |
| 6 | 0147187 | 000627423 | 第三借阅区/ [索取号:O711/6:2] | 在馆 |